[Event "ENCI Limburg-open A"]
[Site "Maastricht"]
[Date "2008.05.09"]
[Round "1"]
[White "Polak, Indra"]
[Black "Nijboer, Friso"]
[Result "0-1"]
[WhiteElo "2184"]
[BlackElo "2558"]
[PlyCount "62"]
[EventDate "2008.05.09"]
[EventType "swiss"]
[EventRounds "7"]
[EventCountry "NED"]
[Source "P.Boonen"]
[SourceDate "2010.01.01"]

1. e4 d6 2. d4 Nf6 3. Nc3 g6 4. g3 Bg7 5. Bg2 O-O 6. Nge2 e5 7. h3 c6 8. a4 a5
9. O-O Na6 10. Be3 Nb4 11. Qd2 Be6 12. Rad1 Bc4 13. Rfe1 Qc7 14. b3 Ba6 15.
dxe5 dxe5 16. Bc5 Rfd8 17. Qc1 b6 18. Be3 Nd7 19. f4 exf4 20. gxf4 Nc5 21. e5
f6 22. Ne4 fxe5 23. Nxc5 bxc5 24. Bxc5 Rxd1 25. Qxd1 Rd8 26. Qc1 Bh6 27. Be3
Bxe2 28. Rxe2 exf4 29. Bd2 f3 30. Bxf3 Qg3+ 31. Bg2 Bxd2 0-1

[Event "ENCI Limburg-open A"]
[Site "Maastricht"]
[Date "2008.05.09"]
[Round "1"]
[White "Reinderman, Dimitri"]
[Black "Akstinat, Sven Holger"]
[Result "1-0"]
[WhiteElo "2526"]
[BlackElo "2179"]
[PlyCount "81"]
[EventDate "2008.05.09"]
[EventType "swiss"]
[EventRounds "7"]
[EventCountry "NED"]
[Source "P.Boonen"]
[SourceDate "2010.01.01"]

1. c4 b6 2. d4 Bb7 3. Nc3 e6 4. a3 f5 5. d5 Nf6 6. g3 Be7 7. Bg2 O-O 8. Nh3 Qc8
9. O-O a5 10. e4 fxe4 11. Nf4 e5 12. Nh5 Na6 13. Nxf6+ Bxf6 14. Nxe4 Nc5 15.
Be3 Nxe4 16. Bxe4 d6 17. b4 Qh3 18. c5 bxc5 19. bxc5 Ba6 20. Re1 Rfb8 21. c6
Qc8 22. Bd2 a4 23. Qxa4 Rb2 24. Qd1 Qh3 25. Be3 Qc8 26. Rb1 Rxb1 27. Qxb1 g6
28. Kg2 Qd8 29. Qc2 Kg7 30. h4 Bc8 31. a4 Ra5 32. Rh1 Bf5 33. Bxf5 gxf5 34.
Qxf5 Rxa4 35. h5 Ra8 36. Rb1 Kh8 37. Rb7 Be7 38. Qf7 Rc8 39. h6 Qf8 40. Qe6 Qd8
41. Qd7 1-0

[Event "ENCI Limburg-open A"]
[Site "Maastricht"]
[Date "2008.05.09"]
[Round "1"]
[White "Richter, Gera"]
[Black "Tate, Emory"]
[Result "0-1"]
[WhiteElo "2150"]
[BlackElo "2378"]
[PlyCount "102"]
[EventDate "2008.05.09"]
[EventType "swiss"]
[EventRounds "7"]
[EventCountry "NED"]
[Source "P.Boonen"]
[SourceDate "2010.01.01"]

1. d4 Nf6 2. c4 c5 3. d5 e5 4. Nc3 d6 5. g3 h5 6. Bg5 Nbd7 7. e4 Be7 8. Qd2
Nxd5 9. Qxd5 Bxg5 10. Qxd6 Rh6 11. Qd3 Nf8 12. Rd1 Qxd3 13. Rxd3 Bd8 14. Nf3
Ba5 15. Be2 f6 16. O-O Bxc3 17. bxc3 Be6 18. Rd6 Rd8 19. Rfd1 Rxd6 20. Rxd6 Ke7
21. Rd2 Nd7 22. Rb2 b6 23. Nd2 h4 24. Nf1 hxg3 25. hxg3 Nb8 26. Ne3 Nc6 27. Bg4
Bxg4 28. Nxg4 Rh8 29. Rd2 Na5 30. Ne3 g6 31. g4 Rh3 32. Kg2 Rxe3 33. fxe3 Nxc4
34. Rd3 Nd6 35. Kf3 Ke6 36. Rd1 c4 37. a4 Nf7 38. a5 Ng5+ 39. Kg2 bxa5 40. Ra1
Nxe4 41. Ra4 Kd5 42. Rxa5+ Kc6 43. Rxa7 Nxc3 44. Ra6+ Kd5 45. Rxf6 Ne4 46. Rxg6
c3 47. Rh6 c2 48. Rh1 Kc4 49. Kf3 Kd3 50. Ra1 Nd2+ 51. Kg3 Nb1 0-1

[Event "ENCI Limburg-open A"]
[Site "Maastricht"]
[Date "2008.05.09"]
[Round "1"]
[White "Ringoir, Guy"]
[Black "De Ridder, Dieter"]
[Result "1-0"]
[WhiteElo "1941"]
[BlackElo "1778"]
[PlyCount "70"]
[EventDate "2008.05.09"]
[EventType "swiss"]
[EventRounds "7"]
[EventCountry "NED"]
[Source "P.Boonen"]
[SourceDate "2010.01.01"]

1. e4 e6 2. d4 d5 3. Nd2 Nf6 4. e5 Nfd7 5. f4 c5 6. c3 Nc6 7. Ndf3 Qb6 8. h4 f6
9. Bd3 cxd4 10. cxd4 Bb4+ 11. Kf1 O-O 12. Nh3 Kh8 13. Bxh7 Kxh7 14. Nfg5+ Kh6
15. Nxe6 f5 16. g4 Ne7 17. Nxf8 Nxf8 18. g5+ Kh7 19. h5 Ne6 20. a3 Qa6+ 21. Kg2
Bd7 22. g6+ Kg8 23. Ng5 Ba5 24. h6 Nxg5 25. fxg5 Qxg6 26. hxg7 Kxg7 27. Rh6 Qf7
28. Qh1 Qg8 29. Rd6 Bb5 30. Qh6+ Kf7 31. Bf4 Rc8 32. Qf6+ Ke8 33. Rh1 Rc2+ 34.
Kg3 Qf8 35. Rh8 Ng8 1-0

[Event "ENCI Limburg-open A"]
[Site "Maastricht"]
[Date "2008.05.09"]
[Round "1"]
[White "Schubert, Karl"]
[Black "Oosterman, Maarten Jan"]
[Result "0-1"]
[WhiteElo "1899"]
[BlackElo "2013"]
[PlyCount "116"]
[EventDate "2008.05.09"]
[EventType "swiss"]
[EventRounds "7"]
[EventCountry "NED"]
[Source "P.Boonen"]
[SourceDate "2010.01.01"]

1. e4 c6 2. d4 d5 3. Nd2 dxe4 4. Nxe4 Nd7 5. Bd3 e5 6. Qe2 Be7 7. Be3 Ngf6 8.
Nxf6+ Bxf6 9. O-O-O Qa5 10. Kb1 O-O 11. Nf3 exd4 12. Bxd4 Bxd4 13. Nxd4 Nf6 14.
c3 Bd7 15. f3 b5 16. c4 bxc4 17. Bxc4 Rab8 18. g4 Rfe8 19. Qd2 Qb6 20. h4 c5
21. Nb3 Bc6 22. Qf4 Qb7 23. Rd3 a5 24. Rh2 a4 25. Nc1 Rbd8 26. Rhd2 Rxd3 27.
Rxd3 Nd5 28. Bxd5 Bxd5 29. Qxa4 Rb8 30. Qa3 c4 31. Re3 h6 32. Qc3 Ra8 33. a3
Be6 34. Ne2 Qd5 35. Nf4 Qd1+ 36. Qc1 Qxc1+ 37. Kxc1 Bd7 38. Nd5 Ra6 39. Rc3 Rd6
40. Ne3 Ba4 41. Rxc4 Bb5 42. Rc3 Rf6 43. Nf5 Kh7 44. Kd2 h5 45. Nd4 Bd7 46. g5
Rf4 47. Ke3 Rxh4 48. Rc7 Be6 49. Rc1 Rh2 50. Rc2 Rh1 51. a4 Ra1 52. Nxe6 fxe6
53. Rc4 Kg6 54. f4 Kf5 55. Rc5+ Kg4 56. b3 Ra3 57. Rc3 h4 58. Ke4 h3 0-1

[Event "ENCI Limburg-open A"]
[Site "Maastricht"]
[Date "2008.05.09"]
[Round "1"]
[White "Severens, Lars"]
[Black "Peek, Maurice"]
[Result "0-1"]
[WhiteElo "2169"]
[BlackElo "2405"]
[PlyCount "52"]
[EventDate "2008.05.09"]
[EventType "swiss"]
[EventRounds "7"]
[EventCountry "NED"]
[Source "P.Boonen"]
[SourceDate "2010.01.01"]

1. d4 Nf6 2. c4 e6 3. Nc3 Bb4 4. Bg5 c5 5. d5 h6 6. Bh4 b5 7. e3 bxc4 8. Bxc4
Bb7 9. Qf3 g5 10. Bg3 Bxd5 11. Bxd5 Nxd5 12. Nge2 Qf6 13. Qxf6 Nxf6 14. Be5 Ke7
15. O-O-O d5 16. Nb5 a6 17. Bd6+ Kd7 18. Be5 axb5 19. Bxf6 Rg8 20. e4 Rg6 21.
Be5 Nc6 22. Bg3 d4 23. a3 Ba5 24. h4 e5 25. hxg5 hxg5 26. Rh7 Ke6 0-1

[Event "ENCI Limburg-open A"]
[Site "Maastricht"]
[Date "2008.05.09"]
[Round "1"]
[White "Skrijelj, Redzep"]
[Black "Roufs, Gerard"]
[Result "1-0"]
[WhiteElo "2006"]
[BlackElo "1879"]
[PlyCount "103"]
[EventDate "2008.05.09"]
[EventType "swiss"]
[EventRounds "7"]
[EventCountry "NED"]
[Source "P.Boonen"]
[SourceDate "2010.01.01"]

1. d4 d5 2. c4 dxc4 3. Nf3 Nf6 4. Nc3 a6 5. a4 Nc6 6. Bg5 Bg4 7. e3 Na5 8. Be2
e6 9. Ne5 Bxe2 10. Qxe2 Be7 11. O-O O-O 12. Rad1 Nd5 13. Nxc4 Nxc4 14. Bxe7
Qxe7 15. Qxc4 c6 16. e4 Nf6 17. Rfe1 Rfe8 18. Re3 a5 19. Rg3 Rad8 20. e5 Nd5
21. Ne4 Rf8 22. Qc1 Kh8 23. Rh3 Kg8 24. Qc2 g6 25. Qd2 f5 26. Ng5 f4 27. Ne4
Ra8 28. Qe2 Rf5 29. Nd6 Rff8 30. Rdd3 f3 31. Qd2 Nf4 32. Rdxf3 Nxh3+ 33. Rxh3
Rad8 34. Qxa5 Qg5 35. Qc3 Qg4 36. Rd3 Qh4 37. g3 Qe7 38. Qb3 Rb8 39. a5 Kg7 40.
Qb6 Qd8 41. Rb3 Qxb6 42. Rxb6 Rfd8 43. Kg2 Kf8 44. Kf3 Ke7 45. Ke4 Kd7 46. Nxb7
Rf8 47. Nc5+ Ke7 48. Rxc6 Rxf2 49. Rxe6+ Kf7 50. Rb6 Rxb6 51. axb6 Rxb2 52. b7
1-0

[Event "ENCI Limburg-open A"]
[Site "Maastricht"]
[Date "2008.05.09"]
[Round "1"]
[White "Suhbat, Orgibold"]
[Black "Bijlsma, Nick"]
[Result "1/2-1/2"]
[WhiteElo "2001"]
[BlackElo "1869"]
[PlyCount "98"]
[EventDate "2008.05.09"]
[EventType "swiss"]
[EventRounds "7"]
[EventCountry "NED"]
[Source "P.Boonen"]
[SourceDate "2010.01.01"]

1. e4 c5 2. Nf3 d6 3. d4 cxd4 4. Nxd4 Nf6 5. Nc3 a6 6. Be2 e6 7. O-O Be7 8. Be3
O-O 9. Nb3 Nc6 10. f4 Bd7 11. a3 b5 12. Bd3 Rc8 13. Ne2 Ng4 14. Qd2 Bf6 15. c3
Nxe3 16. Qxe3 Qc7 17. Ng3 Qa7 18. Qxa7 Nxa7 19. Nh5 Bd8 20. f5 g6 21. fxg6 fxg6
22. Rxf8+ Kxf8 23. Rf1+ Kg8 24. Nf6+ Bxf6 25. Rxf6 Rf8 26. Rf3 Nc6 27. Re3 Ne5
28. Be2 Kf7 29. Nd4 Ke7 30. Nf3 Ng4 31. Rd3 e5 32. h3 Nf6 33. Re3 Bc6 34. Nd2
Nd7 35. c4 Nc5 36. cxb5 axb5 37. Bf3 Ra8 38. Rc3 Bd7 39. Kf2 Na4 40. Rc2 Rb8
41. b3 Nc5 42. Be2 Ne6 43. b4 Nd4 44. Rc3 Rc8 45. Rxc8 Bxc8 46. Bd1 Bb7 47. Ke3
d5 48. a4 bxa4 49. Bxa4 Kd6 1/2-1/2

[Event "ENCI Limburg-open A"]
[Site "Maastricht"]
[Date "2008.05.09"]
[Round "1"]
[White "Surewaard, Wilbert"]
[Black "Sprangers, Remco"]
[Result "1/2-1/2"]
[WhiteElo "2213"]
[BlackElo "2211"]
[PlyCount "127"]
[EventDate "2008.05.09"]
[EventType "swiss"]
[EventRounds "7"]
[EventCountry "NED"]
[Source "P.Boonen"]
[SourceDate "2010.01.01"]

1. e4 c5 2. Nf3 d6 3. d4 cxd4 4. Nxd4 Nf6 5. f3 Nc6 6. c4 e6 7. Nc3 Be7 8. Be3
O-O 9. Be2 d5 10. cxd5 exd5 11. Nxc6 bxc6 12. exd5 cxd5 13. O-O Be6 14. Qd2 Qa5
15. Rfd1 Rfd8 16. Bd4 Rab8 17. Kh1 Ne8 18. Bd3 Rdc8 19. Qf2 Bf6 20. Bxf6 Nxf6
21. Rab1 Qc5 22. Qxc5 Rxc5 23. Ne2 Nd7 24. Nd4 Ne5 25. Bf1 Bd7 26. h3 Rc7 27.
b3 Kf8 28. Rd2 Ng6 29. Rbd1 Ne7 30. Bd3 Rbc8 31. Kg1 Rc1 32. Kf2 Rxd1 33. Rxd1
Ng6 34. Bxg6 hxg6 35. Rd2 Ke7 36. Rc2 Kd6 37. Rxc8 Bxc8 38. b4 Bd7 39. f4 Ba4
40. Ke3 Bd7 41. Nf3 Bf5 42. Nd4 Bd7 43. g4 f6 44. Kf3 Kc7 45. Kg3 Kd6 46. h4
Be8 47. g5 Bd7 48. Kf3 Be8 49. Ke3 Bd7 50. Kd3 Kc7 51. a3 Kd6 52. Kc3 Be8 53.
Ne2 Bb5 54. Nd4 Bd7 55. Kb3 Be8 56. a4 Bd7 57. a5 Be8 58. Kc3 Ba4 59. b5 fxg5
60. hxg5 Kc5 61. b6 axb6 62. axb6 Bc6 63. Ne6+ Kb5 64. Nc7+ 1/2-1/2

[Event "ENCI Limburg-open A"]
[Site "Maastricht"]
[Date "2008.05.09"]
[Round "1"]
[White "Thora, Jack"]
[Black "Mol, Christiaan"]
[Result "1/2-1/2"]
[WhiteElo "1894"]
[BlackElo "2007"]
[PlyCount "69"]
[EventDate "2008.05.09"]
[EventType "swiss"]
[EventRounds "7"]
[EventCountry "NED"]
[Source "P.Boonen"]
[SourceDate "2010.01.01"]

1. Nf3 Nf6 2. g3 d5 3. Bg2 c5 4. O-O Nc6 5. d3 e5 6. Nbd2 Be7 7. e4 O-O 8. exd5
Nxd5 9. Nc4 f6 10. Re1 Be6 11. Ne3 Qd7 12. Qe2 Rfd8 13. a3 Rac8 14. Nxd5 Bxd5
15. Be3 Nd4 16. Bxd4 cxd4 17. Nh4 Bxg2 18. Nxg2 Bf8 19. Rec1 g6 20. Ne1 Bg7 21.
Rd1 Rc5 22. Qf3 f5 23. Rab1 b6 24. Qg2 Re8 25. b3 Rc3 26. a4 e4 27. dxe4 fxe4
28. Rd2 Bh6 29. Re2 d3 30. cxd3 exd3 31. Rxe8+ Qxe8 32. Qd5+ Qf7 33. Qd8+ Qf8
34. Qd5+ Qf7 35. Qd8+ 1/2-1/2

[Event "ENCI Limburg-open A"]
[Site "Maastricht"]
[Date "2008.05.09"]
[Round "1"]
[White "Tonoli, Benjamin"]
[Black "Berg, Emanuel"]
[Result "0-1"]
[WhiteElo "2190"]
[BlackElo "2601"]
[PlyCount "92"]
[EventDate "2008.05.09"]
[EventType "swiss"]
[EventRounds "7"]
[EventCountry "NED"]
[Source "P.Boonen"]
[SourceDate "2010.01.01"]

1. e4 e6 2. d4 d5 3. Nc3 Bb4 4. Bd3 dxe4 5. Bxe4 Nf6 6. Bd3 Nbd7 7. Nf3 c5 8.
a3 Ba5 9. O-O O-O 10. Bg5 h6 11. Bh4 Bxc3 12. bxc3 Qa5 13. Qe1 b6 14. Ne5 Ba6
15. Bxa6 Qxa6 16. dxc5 bxc5 17. Nxd7 Nxd7 18. Qe3 Nb6 19. Qd3 Qa4 20. Be7 Rfc8
21. Rfe1 c4 22. Qe2 Nd5 23. Bd6 Rc6 24. Be5 f6 25. Bg3 Nxc3 26. Qg4 Qxc2 27.
Rxe6 h5 28. Qh3 Ne2+ 29. Kh1 Rd8 30. Re1 Rc5 31. Rd6 Nxg3+ 32. Qxg3 Rxd6 33.
Qxd6 Re5 34. Qd1 Qxd1 35. Rxd1 c3 36. g3 Ra5 37. Rd7 Rc5 38. Rd1 Kf7 39. Kg2
Ke6 40. Kf3 c2 41. Rc1 Kd5 42. Ke3 g5 43. h3 Rc3+ 44. Kd2 Kd4 45. a4 Kc4 46. a5
Kb3 0-1

[Event "ENCI Limburg-open A"]
[Site "Maastricht"]
[Date "2008.05.09"]
[Round "1"]
[White "Van Assendelft, Floris"]
[Black "Gijsen, Stief"]
[Result "0-1"]
[WhiteElo "2250"]
[BlackElo "2079"]
[PlyCount "60"]
[EventDate "2008.05.09"]
[EventType "swiss"]
[EventRounds "7"]
[EventCountry "NED"]
[Source "P.Boonen"]
[SourceDate "2010.01.01"]

1. e4 c5 2. Nf3 d6 3. d4 cxd4 4. Nxd4 Nf6 5. Nc3 a6 6. Bg5 e6 7. f4 Qc7 8. Bxf6
gxf6 9. Qd2 Nc6 10. Be2 h5 11. O-O-O Bd7 12. Bf3 O-O-O 13. Qe2 Bh6 14. g3 h4
15. Bh5 Kb8 16. Kb1 Bc8 17. Rhf1 hxg3 18. hxg3 Rdg8 19. Rf3 Nxd4 20. Rxd4 Qc5
21. Rfd3 Rxg3 22. Rxg3 Qxd4 23. Rd3 Qc5 24. f5 exf5 25. Bxf7 Bf4 26. a3 Rh2 27.
Qd1 Be5 28. Bg6 Rg2 29. Rd5 Qf2 30. Rxe5 dxe5 0-1

[Event "ENCI Limburg-open A"]
[Site "Maastricht"]
[Date "2008.05.09"]
[Round "1"]
[White "Van Mechelen, Jan"]
[Black "Jellema, Yme Jan"]
[Result "1/2-1/2"]
[WhiteElo "2304"]
[BlackElo "2112"]
[PlyCount "34"]
[EventDate "2008.05.09"]
[EventType "swiss"]
[EventRounds "7"]
[EventCountry "NED"]
[Source "P.Boonen"]
[SourceDate "2010.01.01"]

1. e4 c5 2. c3 d5 3. exd5 Qxd5 4. d4 Nc6 5. Nf3 Bg4 6. Nbd2 cxd4 7. Bc4 Qd7 8.
Qb3 e6 9. Nxd4 Na5 10. Qc2 Nxc4 11. Nxc4 Rc8 12. Ne3 Bh5 13. O-O Nf6 14. Re1
Bc5 15. Nb3 Bb6 16. Nf1 Ng4 17. Ne3 Nf6 1/2-1/2

[Event "ENCI Limburg-open A"]
[Site "Maastricht"]
[Date "2008.05.09"]
[Round "1"]
[White "Van Onzen, Jeroen"]
[Black "Van Beek, Alexander"]
[Result "0-1"]
[WhiteElo "2142"]
[BlackElo "2343"]
[PlyCount "68"]
[EventDate "2008.05.09"]
[EventType "swiss"]
[EventRounds "7"]
[EventCountry "NED"]
[Source "P.Boonen"]
[SourceDate "2010.01.01"]

1. e4 e5 2. Nf3 Nc6 3. Bc4 Nf6 4. d3 Be7 5. O-O d6 6. h3 Na5 7. Bb3 Nxb3 8.
axb3 c5 9. Be3 O-O 10. Qd2 Nh5 11. Nc3 f5 12. exf5 Bxf5 13. g4 Bc8 14. Nh2 d5
15. Kh1 d4 16. gxh5 Bxh3 17. Rg1 dxc3 18. bxc3 Qd5+ 19. f3 Rxf3 20. Nxf3 Qxf3+
21. Kh2 Qxh5 22. Rg3 Bd7+ 23. Kg1 Bh4 24. Qh2 g6 25. Rg2 Bc6 26. Rf1 b6 27. d4
cxd4 28. cxd4 Re8 29. c4 Bxg2 30. Qxg2 exd4 31. Bh6 d3 32. Be3 Qe5 33. Rf3 Bf6
34. Qf2 Bg7 0-1

[Event "ENCI Limburg-open A"]
[Site "Maastricht"]
[Date "2008.05.09"]
[Round "1"]
[White "Van Oosterom, Chiel"]
[Black "Van der Veen, Terry"]
[Result "1-0"]
[WhiteElo "2399"]
[BlackElo "2169"]
[PlyCount "57"]
[EventDate "2008.05.09"]
[EventType "swiss"]
[EventRounds "7"]
[EventCountry "NED"]
[Source "P.Boonen"]
[SourceDate "2010.01.01"]

1. e4 e5 2. Nf3 Nc6 3. d4 exd4 4. Bc4 Nf6 5. e5 d5 6. Bb5 Ne4 7. Nxd4 Bd7 8.
Bxc6 bxc6 9. O-O Be7 10. f3 Nc5 11. f4 Ne4 12. Nc3 O-O 13. Nxe4 dxe4 14. Be3
Re8 15. Qe2 Bf8 16. Qc4 Qb8 17. Nb3 a5 18. Qxe4 a4 19. Nc5 Bxc5 20. Bxc5 Qb5
21. Qd4 Be6 22. f5 Bd5 23. Rf2 Rad8 24. Rd1 h6 25. e6 fxe6 26. f6 e5 27. Qg4 g5
28. Rxd5 cxd5 29. Qh5 1-0

[Event "ENCI Limburg-open A"]
[Site "Maastricht"]
[Date "2008.05.09"]
[Round "1"]
[White "Van den Berg, Bram"]
[Black "De Reymaekers, Walter"]
[Result "1-0"]
[WhiteElo "2200"]
[BlackElo "2053"]
[PlyCount "66"]
[EventDate "2008.05.09"]
[EventType "swiss"]
[EventRounds "7"]
[EventCountry "NED"]
[Source "P.Boonen"]
[SourceDate "2010.01.01"]

1. e4 c5 2. c3 g6 3. d4 cxd4 4. cxd4 d5 5. exd5 Nf6 6. Bb5+ Nbd7 7. Nc3 Bg7 8.
d6 exd6 9. Qe2+ Qe7 10. Bf4 Qxe2+ 11. Bxe2 Ke7 12. Bf3 Nb6 13. O-O-O d5 14. Nh3
h6 15. Be5 Be6 16. Nf4 Rhd8 17. Rhe1 Rac8 18. Kb1 g5 19. Nd3 Ne8 20. Nc5 Bxe5
21. Rxe5 Nc4 22. Nxd5+ Rxd5 23. Rxd5 Bxd5 24. Bxd5 b6 25. Re1+ Kd6 26. Bxc4
bxc5 27. dxc5+ Kxc5 28. Bxf7 Nc7 29. Bh5 Rf8 30. Bf3 Rf4 31. Rc1+ Kd6 32. Rc6+
Kd7 33. Rxh6 Ke7 1-0

[Event "ENCI Limburg-open A"]
[Site "Maastricht"]
[Date "2008.05.09"]
[Round "1"]
[White "Van der Zwet, Bart"]
[Black "Nabuurs, Joep"]
[Result "0-1"]
[WhiteElo "2057"]
[BlackElo "2205"]
[PlyCount "143"]
[EventDate "2008.05.09"]
[EventType "swiss"]
[EventRounds "7"]
[EventCountry "NED"]
[Source "P.Boonen"]
[SourceDate "2010.01.01"]

1. c4 f5 2. Nf3 Nf6 3. b3 g6 4. Bb2 Bg7 5. g3 d6 6. d4 O-O 7. Bg2 Na6 8. O-O c5
9. Nc3 Bd7 10. Qd2 Rb8 11. Rfe1 b5 12. cxb5 Bxb5 13. dxc5 Nxc5 14. Nxb5 Rxb5
15. Nd4 Rb6 16. b4 Nce4 17. Qc2 d5 18. Nc6 Qd6 19. Rac1 Ng4 20. Bxg7 Kxg7 21.
Qb2+ Kg8 22. f3 Rxc6 23. Rxc6 Qxc6 24. fxg4 fxg4 25. Qd4 Qc3 26. Rd1 Qxd4+ 27.
Rxd4 Nc3 28. Bxd5+ Kg7 29. Bc4 Rc8 30. Kf2 Rc7 31. Bb3 h5 32. a4 e5 33. Rd8
Ne4+ 34. Ke3 Nf6 35. Kd2 g5 36. Bd5 h4 37. Be6 hxg3 38. hxg3 Ne4+ 39. Ke3 Nxg3
40. Rd7+ Rxd7 41. Bxd7 Nf1+ 42. Kd3 Kf6 43. Bxg4 Ke7 44. e4 Nh2 45. Bf5 g4 46.
Ke2 g3 47. b5 Kd6 48. a5 Kc7 49. Bh3 Kb7 50. Kd3 Ng4 51. Bg2 Kc7 52. Bf3 Kd6
53. Ke2 Nh2 54. Bg2 Kc5 55. b6 axb6 56. axb6 Kxb6 57. Bh3 Kc5 58. Ke3 Kd6 59.
Bg2 Ke6 60. Bh3+ Kf6 61. Bg2 Kg5 62. Bh3 Kh4 63. Bg2 Kg4 64. Ke2 Kf4 65. Kd3
Nf3 66. Ke2 Nh4 67. Bh3 Kxe4 68. Be6 Kf4 69. Bc8 Nf3 70. Kf1 e4 71. Ba6 Nh4 72.
Be2 0-1

[Event "ENCI Limburg-open A"]
[Site "Maastricht"]
[Date "2008.05.09"]
[Round "1"]
[White "Vogel, Jaap"]
[Black "Rademakers, Evert"]
[Result "1/2-1/2"]
[WhiteElo "2254"]
[BlackElo "2092"]
[PlyCount "70"]
[EventDate "2008.05.09"]
[EventType "swiss"]
[EventRounds "7"]
[EventCountry "NED"]
[Source "P.Boonen"]
[SourceDate "2010.01.01"]

1. Nf3 Nf6 2. d4 g6 3. g3 Bg7 4. Bg2 O-O 5. O-O d5 6. c4 c6 7. cxd5 cxd5 8. Nc3
Nc6 9. Ne5 Bf5 10. Bf4 Rc8 11. Rc1 Ne4 12. Nxe4 Bxe4 13. Bh3 Bf5 14. Bxf5 gxf5
15. Qa4 Qb6 16. e3 Nxe5 17. Bxe5 Rxc1 18. Rxc1 Bxe5 19. dxe5 Qxb2 20. Rc7 Qxe5
21. Rxb7 Rc8 22. Rxa7 e6 23. Ra8 Rxa8 24. Qxa8+ Kg7 25. a4 d4 26. exd4 Qxd4 27.
a5 e5 28. Kg2 e4 29. Qc8 Qd5 30. Qc3+ Kg6 31. Kh3 Qd1 32. Qe3 f6 33. Kg2 Qa4
34. Qc3 Qb5 35. h4 e3 1/2-1/2

[Event "ENCI Limburg-open A"]
[Site "Maastricht"]
[Date "2008.05.09"]
[Round "1"]
[White "Voss, Her"]
[Black "Kruijf, Caspar"]
[Result "1/2-1/2"]
[WhiteElo "2046"]
[BlackElo "1925"]
[PlyCount "72"]
[EventDate "2008.05.09"]
[EventType "swiss"]
[EventRounds "7"]
[EventCountry "NED"]
[Source "P.Boonen"]
[SourceDate "2010.01.01"]

1. e4 e5 2. Nf3 Nc6 3. d4 exd4 4. Bc4 Bc5 5. c3 Nf6 6. O-O Nxe4 7. cxd4 d5 8.
Bb3 Bb6 9. Nc3 Nxc3 10. bxc3 O-O 11. Qd3 Qd6 12. Re1 Bd7 13. g3 Be6 14. Ng5 g6
15. Qf3 Kg7 16. h4 Rae8 17. Bf4 Qd7 18. Nxe6+ fxe6 19. Qg4 Qf7 20. Bc2 h5 21.
Qg5 Rh8 22. Ba4 Rh7 23. Bb3 Rf8 24. Re2 Ba5 25. Rc1 Qf6 26. Qxf6+ Kxf6 27. Rce1
Bxc3 28. Rxe6+ Kg7 29. R1e2 Nxd4 30. Re7+ Rf7 31. Rxf7+ Kxf7 32. Bxd5+ Kf6 33.
Re3 Bd2 34. Rd3 Ne2+ 35. Kf1 Nxf4 36. gxf4 Bxf4 1/2-1/2

[Event "ENCI Limburg-open A"]
[Site "Maastricht"]
[Date "2008.05.09"]
[Round "1"]
[White "Wang, Puchen"]
[Black "Rose, Dominik"]
[Result "1-0"]
[WhiteElo "2397"]
[BlackElo "2163"]
[PlyCount "47"]
[EventDate "2008.05.09"]
[EventType "swiss"]
[EventRounds "7"]
[EventCountry "NED"]
[Source "P.Boonen"]
[SourceDate "2010.01.01"]

1. d4 f5 2. Nc3 Nf6 3. Bg5 d5 4. Bxf6 exf6 5. e3 Be6 6. Bd3 Nc6 7. a3 Qd7 8.
Qf3 O-O-O 9. Nge2 Ne7 10. Nc1 g5 11. Nb3 Ng6 12. Qe2 Re8 13. O-O-O f4 14. h3 b6
15. e4 Bg7 16. Rhe1 c6 17. f3 Ne7 18. Qd2 f5 19. e5 h5 20. Na4 Kb8 21. Nac5
bxc5 22. Nxc5 Qc8 23. Qb4+ Ka8 24. Ba6 1-0

[Event "ENCI Limburg-open A"]
[Site "Maastricht"]
[Date "2008.05.09"]
[Round "1"]
[White "Wemmers, Xander"]
[Black "Leenaerts, Robin"]
[Result "1-0"]
[WhiteElo "2387"]
[BlackElo "2153"]
[PlyCount "113"]
[EventDate "2008.05.09"]
[EventType "swiss"]
[EventRounds "7"]
[EventCountry "NED"]
[Source "P.Boonen"]
[SourceDate "2010.01.01"]

1. e4 c5 2. Nf3 Nc6 3. d4 cxd4 4. Nxd4 Nf6 5. Nc3 e5 6. Ndb5 d6 7. Nd5 Nxd5 8.
exd5 Nb8 9. c4 Be7 10. Bd3 O-O 11. O-O f5 12. f4 a6 13. Nc3 Nd7 14. g3 g6 15.
Kh1 Bf6 16. Bd2 Qe7 17. Qe2 Re8 18. Qg2 Qf7 19. Rae1 e4 20. Bc2 Bd4 21. Be3
Bxe3 22. Rxe3 Nf6 23. h3 Bd7 24. Qd2 b5 25. cxb5 axb5 26. Bb3 Rac8 27. Rd1 Rc5
28. a3 h5 29. Ba2 h4 30. b4 Rc7 31. Rg1 Nh5 32. gxh4 Rec8 33. Bb3 Nxf4 34. Reg3
Rxc3 35. Qxf4 Rxg3 36. Rxg3 Kh7 37. Qxd6 f4 38. Rxg6 Rc3 39. Rh6+ Kg8 40. Qb8+
Bc8 41. h5 Qd7 42. Rg6+ Kh7 43. Qxf4 Rxh3+ 44. Kg2 Rxh5 45. Rg3 Qf5 46. Qxf5+
Rxf5 47. Rc3 Rf8 48. Re3 Rf4 49. Kg3 Rg4+ 50. Kf2 Kg6 51. Rc3 Rf4+ 52. Ke3 Rf3+
53. Kd4 Kf6 54. Rxc8 Rxb3 55. Re8 Rd3+ 56. Kc5 e3 57. d6 1-0

[Event "ENCI Limburg-open A"]
[Site "Maastricht"]
[Date "2008.05.09"]
[Round "1"]
[White "Wlogalski, Olivier"]
[Black "Dalemans, Diana"]
[Result "1-0"]
[WhiteElo "1948"]
[BlackElo "1799"]
[PlyCount "52"]
[EventDate "2008.05.09"]
[EventType "swiss"]
[EventRounds "7"]
[EventCountry "NED"]
[Source "P.Boonen"]
[SourceDate "2010.01.01"]

1. b3 d5 2. Bb2 e6 3. Nf3 Nf6 4. e3 Bd6 5. Ne5 Nbd7 6. f4 Bxe5 7. fxe5 Ne4 8.
Qg4 Qg5 9. Be2 O-O 10. O-O Qh6 11. Bd3 Ndc5 12. Qe2 Nxd3 13. cxd3 Nc5 14. Ba3
b6 15. d4 Ne4 16. Bxf8 Kxf8 17. Nc3 Qg6 18. Nxe4 Qxe4 19. Qb5 Rb8 20. Rf3 a6
21. Qc6 Rb7 22. Raf1 Qg6 23. d3 Ke7 24. e4 dxe4 25. dxe4 f6 26. d5 exd5 1-0

[Event "ENCI Limburg-open A"]
[Site "Maastricht"]
[Date "2008.05.09"]
[Round "1"]
[White "Ypma, Peter"]
[Black "Leentjens, Gilbert"]
[Result "1-0"]
[WhiteElo "1992"]
[BlackElo "1849"]
[PlyCount "52"]
[EventDate "2008.05.09"]
[EventType "swiss"]
[EventRounds "7"]
[EventCountry "NED"]
[Source "P.Boonen"]
[SourceDate "2010.01.01"]

1. e4 e5 2. Nf3 Nc6 3. Bc4 Nf6 4. d3 Bc5 5. c3 d6 6. O-O h6 7. b4 Bb6 8. a4 a6
9. Be3 Bxe3 10. fxe3 Bg4 11. Nbd2 d5 12. exd5 Nxd5 13. Qb3 Be6 14. e4 Nf4 15.
g3 Bxc4 16. Nxc4 Ng6 17. b5 axb5 18. axb5 Rxa1 19. Rxa1 Qxd3 20. bxc6 b6 21.
Ra8+ Ke7 22. Rxh8 Qxf3 23. Rc8 Qxe4 24. Rxc7+ Kf6 25. Rxf7+ Kxf7 26. Nd6+ Ke7
1-0

[Event "ENCI Limburg-open A"]
[Site "Maastricht"]
[Date "2008.05.10"]
[Round "2"]
[White "Aben, Paul"]
[Black "Severens, Lars"]
[Result "1/2-1/2"]
[WhiteElo "1939"]
[BlackElo "2169"]
[PlyCount "75"]
[EventDate "2008.05.09"]
[EventType "swiss"]
[EventRounds "7"]
[EventCountry "NED"]
[Source "P.Boonen"]
[SourceDate "2010.01.01"]

1. e4 c6 2. Nc3 d5 3. Nf3 Bg4 4. h3 Bxf3 5. Qxf3 Nf6 6. d3 e6 7. g3 Bb4 8. Bd2
Nbd7 9. Bg2 O-O 10. a3 Bc5 11. O-O Qe7 12. Qe2 Bd4 13. Rab1 Qd6 14. Kh2 e5 15.
exd5 Bxc3 16. bxc3 cxd5 17. Rxb7 Qxa3 18. Rfb1 Qd6 19. c4 Rfe8 20. cxd5 Nxd5
21. Qf3 N5f6 22. Bb4 Qa6 23. Bc3 Rac8 24. Ra1 Qe6 25. Ra3 a6 26. Ra7 Nb8 27.
Qb7 Nfd7 28. Bd5 Qf5 29. Kg2 h5 30. Bc4 e4 31. dxe4 Qxe4+ 32. Qxe4 Rxe4 33.
Bxa6 Nxa6 34. R7xa6 Rec4 35. Rd6 Rxc3 36. Rxc3 Rxc3 37. Rxd7 Rxc2 38. Rd5
1/2-1/2